000 01310cam a2200157 4500500
005 20251228052905.0
041 _afre
042 _adc
100 1 0 _aPinchemel, Philippe
_eauthor
245 0 0 _aAscher François (2001). Les Nouveaux Principes de l’urbanisme. La fin des villes n’est pas à l’ordre du jour. La Tour d’Aigues : Éditions de l’Aube, coll. « Monde en cours, série Intervention », 104 p.
260 _c2005.
500 _a76
520 _aSi la danse est une esthétique, une manière de faire parler les corps, elle peut aussi révéler une nouvelle manière de faire communauté, et plus encore, de vivre et d’habiter le monde. Emmenée par Laure Fouard, la T.R.O.U.P.E. revendique et pratique une danse inclusive. Une danse conçue comme un corps collectif en mouvement, un corps composé de vies singulières, tournées vers le public, en dialogue avec lui. Une danse qui place la tendresse en partage et nous affecte le temps d’un spectacle et peut-être plus. Une belle expérience de construction du commun qui nous éloigne des clichés et des préjugés sur le handicap.
786 0 _nL’Espace géographique | 34 | 1 | 2005-03-01 | p. I-I | 0046-2497
856 4 1 _uhttps://shs.cairn.info/revue-espace-geographique-2005-1-page-I?lang=fr&redirect-ssocas=7080
999 _c1584776
_d1584776